Responses for Show #9023 - Wednesday, January 24, 2024

2024 Champions Wildcard Group 1 quarterfinal game 7.

Contestants

[<< previous game]

Kelly Barry, a marketing communications manager from Seattle, Washington

Lloyd Sy, a professor of American literature originally from Rockford, Illinois

Dillon Hupp, an associate director of development from Syracuse, New York

[next game >>]

Jeopardy! Round responses

LOVE STORY
OUR SONG
BAD BLOOD
SHAKE IT OFF
(Ken: You'll have to drop the letters "I-T" from a word to make your response.)
WE ARE NEVER EVER GETTING BACK TOGETHER
THE ERRORS TOUR
    $200 14
Bridget Jones

Lloyd
    $200 26
"Livin' On A Prayer"

Lloyd
    $200 27
(Kelly: What is leukemia?)

aplastic anemia

Kelly
Triple Stumper
    $200 28
dig (from digit)

Lloyd
    $200 29
annulment

Kelly
    $200 30
duct tape

Lloyd
    $400 13
The Princess Bride

Lloyd
    $400 3
John Legend

Kelly
    $400 25
hemophilia

Dillon
    $400 9
gravy (from gravity)

Lloyd
    $400 24
dissolve

Kelly
    $400 23
Atlas

Lloyd
    $600 12
sorry

Lloyd
    $600 4
shotgun

Dillon
    $600 1
sepsis

Kelly
    $600 8
a visor (from visitor)

Lloyd
    $600 6
(Lloyd: What is... abandonment?)

desertion

Lloyd
Triple Stumper
    $600 22
(Ken: Yeah, big mistake by Decca.)

The Beatles

Dillon
    $800 7
Gabriel García Márquez

Lloyd
    $800 2
Billy Joel

Dillon
    $800 18
(Dillon: What is folic acid?)

vitamin K

Dillon
Triple Stumper
    $1,200 10
(Lloyd: What is a... hamster?)

a cavy (from cavity)

Lloyd
    $800 5
sunset

Kelly
    $800 21
a malapropism

Kelly
    $1000 11
(Armistead) Maupin

Lloyd
    $1000 19
Springsteen

Lloyd
    $1000 17
a thrombosis

Lloyd
    $1000 15
a priory (from priority)

Lloyd
    $1000 16
[Lloyd sings the category name when selecting the clue.]

no fault

Kelly
    $1000 20
the Philistines

Triple Stumper

Scores at the first commercial break (after clue 15):

Dillon Lloyd Kelly
$1,400 $3,200 $1,800

Scores at the end of the Jeopardy! Round:

Dillon Lloyd Kelly
$1,600 $6,200 $4,000

Double Jeopardy! Round responses

BALD IS BEAUTIFUL
ONE-TERM PRESIDENTS
ISLAND COUNTRIES
ART & ARTISTS
BUSINESS TRAVEL
FROM THE LATIN
    $400 30
(Jeff) Bezos

Dillon
    $400 25
Ford

Dillon
    $400 26
Madagascar

Lloyd
    $400 27
the Mona Lisa

Lloyd
    $400 29
JetBlue

Dillon
    $400 28
a verdict

Lloyd
    $800 5
Jada Pinkett Smith

Lloyd
    $800 21
John Adams

Lloyd
    $800 20
Malta

Dillon
    $800 22
(Kelly: Who was Rabelais?)
...
(Ken: It's [*] that liked the figures plump.)

Rubens

Kelly
Triple Stumper
    $800 23
Avis

Triple Stumper
    $800 24
equestrian

Dillon
    $1200 6
(Lloyd: Who is the wretched [*]?)
(Ken: Wow, yes.)
[Laughter]
(Ken: The answer is correct; I can't speak for the adjective.)
(Lloyd: Go Cubs.)

Albert Pujols

Lloyd
    $1200 1
Hoover

Lloyd
    $1200 19
Turkish

Lloyd
    $1200 18
Andy Warhol

Kelly
    $1200 17
the Trans-Siberian Railway

Lloyd
    $1,000 4
quintessential

Lloyd
    $1600 7
J.K. Simmons

Lloyd
    $1600 10
(Ken: The problematic [*], yes.)

Benjamin Harrison

Dillon
    $5,000 11
Brunei

Dillon
    $1600 14
Édouard Manet

Lloyd
    $1600 16
Norwegian

Lloyd
    $1600 2
genuflect

Lloyd
    $2000 8
Carville

Dillon
    $2000 9
(Ken: Old Kinderhook, that's correct.)

Van Buren

Dillon
    $2000 12
Sri Lanka

Lloyd
    $2000 13
(Ken: Yeah, TR, not a fan of [*].)

Duchamp

Lloyd
    $2000 15
(Kelly: What is a Zeppelin?)
(Dillon: What is a... von Zeppelin?)

the Graf Zeppelin

DillonKelly
Triple Stumper
    $2000 3
murrain

Triple Stumper

Scores at the end of the Double Jeopardy! Round:

Dillon Lloyd Kelly
$13,000 $25,200 $2,400

[wagering suggestions for these scores]

Final Jeopardy! Round responses

1980s MOVIE CHARACTERS
(Ken: [To Dillon] Not the right Oliver Stone movie, I'm afraid.)
...
(Ken: [To Lloyd] In honor of Joe Montana, Oliver Stone named his gangster character, Tony Montana, in [*]; so [*], the correct response.)
KellyWhat is ??
$600
DillonWhat is Platoon?
$13,000
LloydWhat is Platoon?
$801
Scarface

Final scores:

Dillon Lloyd Kelly
$0 $24,399 $1,800
3rd place: $5,000 Winner: semifinalist 2nd place: $5,000

Game dynamics:

Coryat scores:

Dillon Lloyd Kelly
$9,600 $26,600 $2,400
13 R
(including 1 DD),
2 W
30 R
(including 1 DD),
2 W
(including 1 DD)
8 R,
3 W

Combined Coryat: $38,600

[game clues] [game scores] [suggest correction]

Game tape date: 2024-01-04
The J! Archive is created by fans, for fans. Scraping, republication, monetization, and malicious use prohibited; this site may use cookies and collect identifying information. See terms. The Jeopardy! game show and all elements thereof, including but not limited to copyright and trademark thereto, are the property of Jeopardy Productions, Inc. and are protected under law. This website is not affiliated with, sponsored by, or operated by Jeopardy Productions, Inc. Join the discussion at JBoard.tv.